| 000 | 00479nam a2200133Ia 4500 | ||
|---|---|---|---|
| 008 | 220217s9999 xx 000 0 und d | ||
| 245 | 0 | _aMethods of testing vulcanized rubber.Part A 49. Determination of temperature rise and resistance to fatigue in flexometer testing (basic principles) | |
| 260 | _aLondon | ||
| 260 |
_c1984 _bBSI |
||
| 490 | _aBritish standard | ||
| 500 | _aStandard number: BS 903: Part A 49 | ||
| 650 | _aRubber vulcanized,flexomeeter testing | ||
| 942 | _cST | ||
| 999 |
_c73251 _d73251 |
||